Name a valid European country - Statistics

General Stats
  • This quiz has been taken 391 times
  • The average score is 10 of 10
Answer Stats
Name a country... Answer % Correct
Was in the USSR Moldova | Ukraine | Belarus | Lithuania | Latvia | Estonia | Russia
100%
Is more than one word Bosnia & Herzegovina | Czech Republic | North Macedonia | San Marino | United Kingdom | Vatican City
99%
Is in the Alps Monaco | France | Italy | Switzerland | Austria | Germany | Slovenia | Liechtenstein
99%
Has 1 border UK | Ireland | Portugal | Monaco | Vatican City | San Marino | Denmark
99%
With less than 100,000 people. Andorra | Liechtenstein | Monaco | San Marino | Vatican City
98%
With K somewhere in their name Denmark | Kosovo | Slovakia | Ukraine | UK
98%
Has no borders Iceland | Malta
98%
Has black in their flag Albania | Belgium | Estonia | Germany
97%
Has their capital starting with L Liechtenstein | Luxembourg | Portugal | Slovenia | UK
96%
Are in the EU but not in NATO Austria | Finland | Ireland | Malta | Sweden
92%
No matching quizzes found
Score Distribution
Percent of People with Each Score
Percentile by Number Answered
Your Score History
You have not taken this quiz